Capital markets and institutions / (Record no. 15736)
[ view plain ]
| 000 -LEADER | |
|---|---|
| fixed length control field | 01068pam a2200325 i 4500 |
| 001 - CONTROL NUMBER | |
| control field | 15736 |
| 003 - CONTROL NUMBER IDENTIFIER | |
| rucl marc code | BD-RjUL |
| 005 - DATE AND TIME OF LATEST TRANSACTION | |
| control field | 20211208235857.0 |
| 008 - FIXED-LENGTH DATA ELEMENTS--GENERAL INFORMATION | |
| fixed length control field | 140210s1980 njua b 001 0 eng |
| 020 ## - INTERNATIONAL STANDARD BOOK NUMBER | |
| International Standard Book Number | 0131136887 |
| International Standard Book Number | 0131136704 (pbk.) |
| 035 ## - SYSTEM CONTROL NUMBER | |
| System control number | (BD-RjUL)15791 |
| 040 ## - CATALOGING SOURCE | |
| Original cataloging agency | DLC |
| Transcribing agency | DLC |
| Modifying agency | BD-RjUL |
| Language of cataloging | eng |
| 041 ## - LANGUAGE CODE | |
| Language code of text/sound track or separate title | eng |
| 082 00 - DEWEY DECIMAL CLASSIFICATION NUMBER | |
| Classification number | 332.60973 |
| Author mark and year | DOC 1980 |
| 100 1# - MAIN ENTRY--PERSONAL NAME | |
| Personal name | Dougall, Herbert Edward. |
| 9 (RLIN) | 48820 |
| 245 10 - TITLE STATEMENT | |
| Title | Capital markets and institutions / |
| Statement of responsibility, etc. | Herbert E. Dougall, Jack E. Gaumnitz. |
| 250 ## - EDITION STATEMENT | |
| Edition statement | 4th ed. |
| 260 ## - PUBLICATION, DISTRIBUTION, ETC. (IMPRINT) | |
| Place of publication, distribution, etc. | Englewood Cliffs ; N.J. : |
| Name of publisher, distributor, etc. | Prentice-Hall, |
| Date of publication, distribution, etc. | c1980. |
| 300 ## - PHYSICAL DESCRIPTION | |
| Pagination | xxi, 249 p. : |
| Illustrations | ill. ; |
| Size | 23 cm. |
| 490 0# - SERIES STATEMENT | |
| Series statement | Prentice-Hall foundations of finance series |
| 504 ## - BIBLIOGRAPHY, ETC. NOTE | |
| Bibliography, etc | Includes bibliographical references and index. |
| 650 #0 - SUBJECT ADDED ENTRY--TOPICAL TERM | |
| Topical term or geographic name as entry element | Capital market |
| Geographic subdivision | United States. |
| 9 (RLIN) | 48821 |
| Topical term or geographic name as entry element | Finance |
| Geographic subdivision | United States. |
| 9 (RLIN) | 48822 |
| Topical term or geographic name as entry element | Financial institutions |
| Geographic subdivision | United States. |
| 9 (RLIN) | 7442 |
| 700 1# - ADDED ENTRY--PERSONAL NAME | |
| Personal name | Gaumnitz, Jack E. |
| Dates associated with a name | 1935- |
| Relator term | joint author. |
| 942 ## - ADDED ENTRY ELEMENTS (KOHA) | |
| Source of classification or shelving scheme | Dewey Decimal Classification |
| Koha item type | Books |
| Lost status | Source of classification or shelving scheme | Damaged status | Not for loan | Collection code | Permanent Location | Current Location | Shelving location | Date acquired | Source of acquisition | Cost, normal purchase price | Total Checkouts | Full call number | Date last seen | Copy number | Koha item type |
|---|---|---|---|---|---|---|---|---|---|---|---|---|---|---|---|
| Dewey Decimal Classification | Non-fiction | Central Library, University of Rajshahi | Central Library, University of Rajshahi | 05/03/1986 | Tappan- Tulip | 16.50 | 332.60973 DOC 1980 | 10/02/2014 | C-8 | Books | |||||
| Dewey Decimal Classification | Non-fiction | Central Library, University of Rajshahi | Central Library, University of Rajshahi | 11/09/1985 | Toppan Co. through tulip | 16.50 | 332.60973 DOC 1980 | 08/05/2019 | C-2 | Books | |||||
| Dewey Decimal Classification | Non-fiction | Central Library, University of Rajshahi | Central Library, University of Rajshahi | 11/09/1985 | Toppan Co. through tulip | 16.50 | 332.60973 DOC 1980 | 08/05/2019 | C-3 | Books | |||||
| Dewey Decimal Classification | Non-fiction | Central Library, University of Rajshahi | Central Library, University of Rajshahi | 11/09/1985 | Toppan Co. through tulip | 16.50 | 332.60973 DOC 1980 | 08/05/2019 | C-4 | Books | |||||
| Dewey Decimal Classification | Non-fiction | Central Library, University of Rajshahi | Central Library, University of Rajshahi | 11/09/1985 | Toppan Co. through tulip | 16.50 | 332.60973 DOC 1980 | 08/05/2019 | C-5 | Books | |||||
| Dewey Decimal Classification | Non-fiction | Central Library, University of Rajshahi | Central Library, University of Rajshahi | 11/09/1984 | Toppan Co. through tulip | 16.50 | 332.60973 DOC 1980 | 08/05/2019 | C-6 | Books | |||||
| Dewey Decimal Classification | Non-fiction | Central Library, University of Rajshahi | Central Library, University of Rajshahi | 11/09/1985 | Toppan Co. through tulip | 16.50 | 332.60973 DOC 1980 | 08/05/2019 | C-7 | Books | |||||
| Dewey Decimal Classification | Not For Loan | Non-fiction | Central Library, University of Rajshahi | Central Library, University of Rajshahi | Reading Room | 05/03/1985 | Tulip | 16.50 | 332.60973 DOC 1980 | 08/05/2019 | C-1 | Books | |||
| Dewey Decimal Classification | Non-fiction | Central Library, University of Rajshahi | Central Library, University of Rajshahi | 05/03/1985 | Tulip | 16.50 | 332.60973 DOC 1980 | 09/05/2019 | C-9 | Books | |||||
| Dewey Decimal Classification | Non-fiction | Central Library, University of Rajshahi | Central Library, University of Rajshahi | 05/03/1985 | Tulip | 16.50 | 332.60973 DOC 1980 | 09/05/2019 | C-10 | Books |